000 00336nam a22001457a 4500
005 20240924154403.0
008 240924b |||||||| |||| 00| 0 eng d
082 _a635.04
_bLAW-T
100 _aLawson Andrew
245 _aThe Gardener's Year /
260 _aindia
_bperson
_c1997
650 _aAgriculture
999 _c36585
_d36585